[Event "Mistrovstvi CR senioru nad 70 let a nad "]
[Site "Rychnov nad Kneznou"]
[Date "2015.08.23"]
[Round "9.9"]
[White "Csizmadia, Lajos"]
[Black "Mutina, Antonin"]
[Result "1-0"]
[WhiteElo "1826"]
[BlackElo "1847"]
[PlyCount "53"]
[EventDate "2015.08.15"]

1. e4 c6 2. d4 d5 3. exd5 cxd5 4. c4 Nf6 5. Nc3 e6 6. Nf3 Nc6 7. c5 g6 8. Bb5
Bg7 9. O-O O-O 10. Bxc6 bxc6 11. Ne5 Qc7 12. b4 Bd7 13. a4 a6 14. Rb1 Rab8 15.
Bf4 Nh5 16. Nxd7 Qxf4 17. Nxb8 Rxb8 18. Ne2 Qe4 19. Qd2 Bf6 20. Rfd1 Bd8 21.
Ng3 Nxg3 22. hxg3 Bc7 23. Qd3 Qg4 24. Qxa6 Rxb4 25. Qc8+ Kg7 26. Qxc7 Qe2 27.
Qe5+ 1-0

[Event "Mistrovstvi CR senioru nad 70 let a nad"]
[Site "Rychnov nad Kneznou"]
[Date "2015.08.23"]
[Round "9.10"]
[White "Zikmund, Jaroslav"]
[Black "Biza, Miroslav"]
[Result "1-0"]
[WhiteElo "1830"]
[BlackElo "1783"]
[PlyCount "105"]
[EventDate "2015.08.15"]

1. d4 d5 2. c4 e6 3. Nc3 Nf6 4. Nf3 Nbd7 5. Bg5 c6 6. e3 Qa5 7. Bxf6 Nxf6 8. a3
Ne4 9. Qc1 Nxc3 10. Qxc3 Qxc3+ 11. bxc3 dxc4 12. Bxc4 b5 13. Bd3 Bd6 14. Ng5 f5
15. Kd2 Ke7 16. f4 Bd7 17. Nf3 Rhc8 18. Rhb1 Rcb8 19. Ra2 Rb6 20. a4 bxa4 21.
Rxa4 Rxb1 22. Bxb1 c5 23. Ra5 cxd4 24. Nxd4 Bc7 25. Ra6 Bb6 26. Bd3 Bc8 27. Ra2
a5 28. Bb5 Bb7 29. Bc6 Ra7 30. Bxb7 Rxb7 31. Nc6+ Kd6 32. Nxa5 Bxa5 33. Rxa5
Rb2+ 34. Kd3 Rxg2 35. Ra6+ Ke7 36. h4 Rh2 37. Kd4 Rd2+ 38. Kc4 h5 39. Ra1 Rh2
40. Kd4 Kf6 41. c4 Rxh4 42. Kd3 Rh2 43. c5 Rb2 44. c6 Rb8 45. Kd4 h4 46. Kc5 g5
47. fxg5+ Kxg5 48. Rg1+ Kh5 49. Kd6 h3 50. c7 Rb6+ 51. Kc5 Rb2 52. Rc1 h2 53.
c8=Q 1-0